| 000 | 01283nam a2200253Ia 4500 | ||
|---|---|---|---|
| 999 |
_c39825 _d39825 |
||
| 001 | 6430 | ||
| 003 | GE_BSU | ||
| 005 | 20191118115722.0 | ||
| 008 | 181216s1994||||ge |||||||||||||| ||geo|| | ||
| 040 | _cGE_BSU | ||
| 041 | _ageo | ||
| 080 | _a616.5(075.8)+616.97(075.8) ს-34 | ||
| 100 |
_aსაყვარელიძე, დ. _9550 |
||
| 245 |
_aკანისა და ვენერული დაავადებები / _cრედ. ე. ივანაშვილი. |
||
| 264 |
_aთბილისი : _bმედიცინა, _c1994. |
||
| 300 |
_a406 გვ.; _b20 სმ. |
||
| 520 | _a წიგნში მოცემულია სათანადო ცნობები კანისა და ვენერულ დაავადებათა ეტიოლოგიის, პათოგენეზის, კლინიკისა და მკურნალობის შესახებ | ||
| 541 | _h12ლ. | ||
| 653 | _a კანის დაავადებები | ||
| 653 | _aსახელმძღვანელო | ||
| 653 | _a ვენერული დაავადებები | ||
| 700 |
_aივანაშვილი, ე. _eრედაქტორი _95394 |
||
| 942 |
_cBK _2udc |
||